Oxford companion to American food and drink (Record no. 18185)

MARC details
000 -LEADER
fixed length control field 00482nam a2200169Ia 4500
008 - FIXED-LENGTH DATA ELEMENTS--GENERAL INFORMATION
fixed length control field 230917s9999||||xx |||||||||||||| ||und||
020 ## - ISBN
Price USD39.95
040 ## - CATALOGING SOURCE
-- 231861
Original cataloging agency VIVEKANANDA LIBRARY
041 ## - Language
-- English
082 ## - DDC NUMBER
Classification number 394.120954 S51O
100 ## - MAIN ENTRY--PERSONAL NAME
Personal name Smith, Andrew F, ed.
245 #0 - TITLE STATEMENT
Title Oxford companion to American food and drink
260 ## - PUBLICATION, DISTRIBUTION, ETC. (IMPRINT)
Place of publication, distribution, etc Oxford
Name of publisher, distributor, etc Oxford University Press
Date of publication, distribution, etc 2007
300 ## - PHYSICAL DESCRIPTION
Pages xxv, 692 p.
500 ## - GENERAL NOTE
General note 2282 10/02/2016 HBD15/1744 14/03/2016 Main Budget
942 ## - ADDED ENTRY ELEMENTS (KOHA)
Koha item type Books
Holdings
Withdrawn status Lost status Damaged status Not for loan Location (home branch) Sublocation or collection (holding branch) Shelving location Date acquired Koha issues (times borrowed) Koha full call number Accession No. Koha date last seen Koha item type
        VIVEKANANDA LIBRARY VIVEKANANDA LIBRARY IHTM Library 07/04/2016   394.120954 S51O 357388 17/09/2023 Books
        VIVEKANANDA LIBRARY VIVEKANANDA LIBRARY IHTM Library 07/04/2016   394.120954 S51O 357389 17/09/2023 Books
© Designed and Maintained by Vivekananda Library, MDU Rohtak